| 000 | 00842nam a2200253Ia 4500 | ||
|---|---|---|---|
| 003 | OSt | ||
| 005 | 20220925182634.0 | ||
| 006 | a|||||r|||| 00| 0 | ||
| 007 | ta | ||
| 008 | 220923b |||||||| |||| 00| 0 eng d | ||
| 037 | _cGeneral Book | ||
| 040 |
_aRTL _cRTL _beng |
||
| 041 |
_2eng _aeng |
||
| 082 | _aX9:89P.44Q71.N7, L2 | ||
| 100 |
_aAhmad Qazi Kholiquzzaman _9256909 |
||
| 245 | 0 | _aWhat has been happening to productivity in the man | |
| 260 |
_aDacca _bBIDE _c1972 |
||
| 300 |
_a42p. 28 tables _ccm. |
||
| 490 | _aBangladesh Institute of Development Economics, research report series. No. 4 | ||
| 650 | _aOffice Management | ||
| 700 |
_a Anwarizzaman Chowdhury _9256910 |
||
| 942 |
_hX9:89P.44Q71.N7, L2 _cGB _2CC |
||
| 999 |
_c502726 _d502726 |
||